00341nam a2200145Ia 4500008004100000020001500041041001200056082001100068100001900079245003500098250000800133260003000141300000800171650001600179221030s9999 xx 000 0 und d a8176566330 aEnglish a105.23 aY. P. Kanetkar 0aExploring Ccby Y. P. Kanetkar a2nd bBPB Pub.aNew Delhic2010 a605 aBE Computer